S2 : Laïcité contemporaine Personnages - Statistiques

Statistiques générales
  • Ce quiz a été pris 17 fois
  • Le résultat moyen est 6 sur 37
Statistiques - réponses
Hint Réponse % Correct
Roi de France, a octroyé aux protestants le droit d'avoir un état civil en 1787. Louis XVI
78%
Président français qui a porté un projet de réforme de l'école et de la laïcité dans les années 1980. François Mitterrand
67%
Philosophe des Lumières, impliqué dans l'affaire Calas. Voltaire
67%
A signé le "Concordat" avec le Pape en 1801 pour réguler les relations entre l'Église et l'État. Napoléon Bonaparte
56%
Ministre de l'Éducation pendant l'affaire du foulard islamique. Lionel Jospin
33%
Refusa la loi de 1905 et invita l'Église de France à ne pas l'appliquer. Pie X
33%
Initiateur principal de la loi de séparation des Églises et de l'État en 1905. Aristide Briand
22%
Homme politique français, a prononcé la célèbre phrase : "Il faut tout refuser aux juifs comme nation (comme communauté) et tout leur accorder comme individus" Clermont-Tonnerre
22%
Président français ayant fait évoluer la loi sur le respect des principes de la République en 2021. Emmanuel Macron
22%
Théologien protestant, écrivain, pédagogue et philosophe, directeur de l'instruction primaire en France, auteur du Dictionnaire de pédagogie et d'instruction primaire. Il a joué un rôle central dans la vulgarisation de la notion de laïcité. Ferdinand Buisson
22%
A joué un rôle diplomatique pour faire adopter la loi de 1905. Jean Jaurès
22%
Ministre français des Affaires sociales qui a porté le projet de la réforme de l'éducation nationale dans les années 1980. Alain Savary
11%
Défenseur de l'unité italienne sous un point de vue politique et temporel. Balbo Cesare
11%
Dictateur fasciste italien, signataire des accords du Latran en 1929. Benito Mussolini
11%
Intellectuel ayant conseillé le gouvernement sur les questions de laïcité et de séparatisme. Bernard Rougier
11%
Roi du Piémont-Sardaigne, promoteur d'une constitution libérale en 1846. Charles Albert
11%
Ministre ayant produit un rapport sur la laïcité en 2003. François Baroin
11%
Déclare qu'“on avait tout prévu sauf ce qui est arrivé” concernant la loi de 1905. Georges Clemenceau
11%
Homme politique ayant défendu une conception plus inclusive de la laïcité. Jean-Luc Mélenchon
11%
Pape impliqué dans les accords de Villa Madama en 1984. Jean XXIII
11%
Philosophe influent sur le concept de laïcité, notamment avec sa "Letter of Toleration". John Locke
11%
Premier roi des Belges, issu de la confession luthérienne. Léopold Ier
11%
Homme politique, également lié à la franc-maçonnerie et au Risorgimento. Mazzini
11%
Premier ministre sous Mitterrand, ayant traité la question du port du voile dans les écoles. Michel Rocard
11%
Pape élu en 1846, qui perdra progressivement ses territoires au fil des années. Pie IX
11%
Philosophe ayant une position plus ouverte que Locke, notamment sur l'athéisme. Pierre Bayle
11%
A condamné la constitution civile du clergé après la Révolution française. Pie VII
11%
Pape pendant la Première Guerre mondiale, impliqué dans les tentatives de régler la question romaine. Benoît XV
0%
Homme politique conservateur italien. Crispi
0%
Militaire et homme politique, lié à la franc-maçonnerie et au Risorgimento. Garibaldi
0%
Intellectuel ayant influencé la pensée gouvernementale sur la laïcité et le séparatisme. Gilles Kepel
0%
Défenseur de l'option néo-guelfe pour l'unité italienne, dans les années 1830. Gioberti Vincenzo
0%
Un protestant accusé à tort de meurtre et exécuté publiquement, victime de l'intolérance religieuse de l'époque. Jean Calas
0%
Empereur d'Autriche, connu pour son édit de tolérance en 1781. Joseph II
0%
Philosophe et prêtre, figure influente du XIXe siècle dans les débats sur la laïcité et la séparation de l'Église et de l'État. L'abbé de lamenais
0%
Modéré, partisan de la réforme intérieure de l'Église Maximiliano D'Azeglio
0%
Secrétaire d'État du pape lors des accords du Latran. Monseigneur Gaspari
0%
Aucun quiz correspondant
Distribution des résultats
% des personnes avec chaque résultat
Percentile par nombre de réponses
Votre historique - résultats
Vous n’avez pas pris ce quiz